LEADER 02105oas 2200841 a 450 001 9910147270003321 005 20260218110342.0 011 $a1083-6489 035 $a(DE-599)ZDB2028416-0 035 $a(OCoLC)32852135 035 $a(CONSER)sn 95005820 035 $a(CKB)954926402645 035 $a(DE-599)2028416-0 035 $a(EXLCZ)99954926402645 100 $a19950721a19969999 sy a 101 0 $aeng 135 $aurcnu|||||||| 181 $ctxt$2rdacontent 182 $cc$2rdamedia 183 $acr$2rdacarrier 200 00$aElectronic journal of probability 210 $a[Seattle, Wash.] $cElectronic Journal of Probability and Electronic Communications in Probability$d1995- 300 $aRefereed/Peer-reviewed 330 $aIt publishes papers in all areas of probability. 517 3 $aEJP 517 1 $aEJP/ECP 531 0 $aElectron. j. probab. 606 $aProbabilities$vPeriodicals 606 $aProbabilities$2fast$3(OCoLC)fst01077737 606 $aProbabilitats$2thub 608 $aPeriodicals.$2fast 608 $aRevistes electròniques.$2thub 615 0$aProbabilities 615 7$aProbabilities. 615 7$aProbabilitats. 676 $a519 712 02$aInstitute of Mathematical Statistics 712 02$aUniversity of Washington.$bDepartment of Mathematics. 801 0$bNSD 801 1$bNSD 801 2$bWAU 801 2$bOCL 801 2$bEYM 801 2$bOCL 801 2$bNSD 801 2$bOCLCQ 801 2$bORU 801 2$bAAA 801 2$bOCLCQ 801 2$bDLC 801 2$bOCLCQ 801 2$bOCLCO 801 2$bOCLCQ 801 2$bOCLCF 801 2$bOCLCO 801 2$bIUL 801 2$bOCLCO 801 2$bOCLCQ 801 2$bCOO 801 2$bDLC 801 2$bBWN 801 2$bVT2 801 2$bOCLCQ 801 2$bOCLCO 801 2$bOCLCQ 801 2$bAUD 801 2$bSFB 801 2$bOCLCL 801 2$bOCLCQ 906 $aJOURNAL 912 $a9910147270003321 996 $aElectronic journal of probability$92275785 997 $aUNINA